MARC

LEADER 00000nam0a2200000 4500
001 58160
005 20231101211719.0
010 |a 5060018946 
035 |a (RuTPU)RU\TPU\book\61408 
090 |a 58160 
100 |a 20031124d1991 m y0rusy50 ca 
101 0 |a rus 
102 |a RU 
105 |a a j 001zy 
200 1 |a Автоматизированное проектирование технологических процессов и систем производства РЭС  |e учебное пособие  |f В. Н. Фролов, Я. Е. Львович, Н. П. Меткин 
210 |a Москва  |c Высшая школа  |d 1991 
215 |a 462 с.  |c ил. 
320 |a Библиогр.: с. 453. 
320 |a Предметный указатель: с. 458-460. 
610 1 |a радиоэлектроника 
610 1 |a радиоэлектронная аппаратура 
610 1 |a производство 
610 1 |a технологическое проектирование 
610 1 |a автоматизация 
610 1 |a РЭС 
610 1 |a автоматизированное проектирование 
610 1 |a математические модели 
610 1 |a учебные пособия 
675 |a 621.396.6.002(075.8)  |v 3 
700 1 |a Фролов  |b В. Н.  |g Вадим Николаевич 
701 1 |a Львович  |b Я. Е.  |c специалист в области информатики и вычислительной техники, доктор технических наук  |f 1946-  |g Яков Евсеевич  |2 stltpush  |3 (RuTPU)RU\TPU\pers\10089  |9 2163 
701 1 |a Меткин  |b Н. П.  |g Николай Павлович 
801 1 |a RU  |b 63413507  |c 20031124  |g PSBO 
801 2 |a RU  |b 63413507  |c 20211201  |g PSBO 
942 |c BK